Noms (très) déformés de stations du métro parisien #4 - Statistiques

Statistiques générales
  • Ce quiz a été pris 11 fois
  • Le résultat moyen est 8 sur 20
Statistiques - réponses
Faux Nom Vrai Nom % Correct
Noire Blanche
80%
Grands Boulards Grands Boulevards
80%
Cheval et raie Chevaleret
60%
Handicapés Invalides
60%
La Sourde La Muette
60%
Là, les roses ! L'Haÿ-les-Roses
60%
Un lieu riche ? D'où ? Oh ! Richelieu-Drouot
60%
Rue du Lac Rue du Bac
50%
Cerisier du bouton Censier-Daubenton
40%
Il moquait Guy Môquet
40%
Ton bic Tolbiac
40%
Aux Vosges il ira Vaugirard
40%
Bob nie le pantin, Raymond est penaud Bobigny - Pantin - Raymond Queneau
30%
Charle Michel Charles Michels
20%
La marque de Paul a cours Lamarck - Caulaincourt
20%
Papillon Mabillon
20%
Rire sur le quai Riquet
20%
La Brouette La Fourche
10%
Colorés Ternes
10%
Mano mes reels Miromesnil
0%
Aucun quiz correspondant
Distribution des résultats
% des personnes avec chaque résultat
Percentile par nombre de réponses
Votre historique - résultats
Vous n’avez pas pris ce quiz